000 01029cam a2200217 4500
001 ##L133240
008 060424n2006 000 0 eng u
020 _a0102937575
035 _a(Sirsi) u133240
041 0 _aeng
050 0 4 _a336.24 $2 18
110 2 _aNational Audit Office
_94918
245 0 0 _aUpdate on PFI debt refinancing and the PFI equity market
260 _aLondon
_bTSO
_c2006
350 _a12.25
520 _aDemonstrates how the government has secured 137 million from PFI debt refinancing, but how also the has been little recent activity. It also assesses the risks and benefits of debt refinancing; and examines the developments in the PFI equity market in light of how it has matured and how financial markets are now more liquid.
590 _aIKA250406
690 _aPROPERTY-COMMERCIAL PROPERTY-COMMERCIAL PROPERTY FINANCE AND INVESTMENT
856 4 0 _uhttps://www.nao.org.uk/publications/nao_reports/chronindex.asp?type=vfm
_zView the report free of charge at www.nao.org.uk...
942 _n0
999 _c105364
_d105364